000 00474nam a2200145 4500
999 _c10360
_d10360
008 180823b ||||| |||| 00| 0 eng d
022 _a2094-8042
082 _aDPer 370.105 M72 Jan-Dec 2011 v59-60
100 _930481
_aGenio, Maria Teresa D.
245 _aLifestyle eating habits/
_cMaria Teresa D. Genio.
260 _aPhilippines:
_bIn the Grade School, Inc.,
_cc2011.
300 _av60 n2, page 64;
_c27cm.
650 0 _930482
_aEating customs.
942 _2ddc
_cPER